New directions in technical services: trends and sources

A systematic and indexed update of key trends and developments in technical services.

Shranjeno v:
Bibliografske podrobnosti
Glavni avtor: Johnson, Peggy
Format: Knjiga
Jezik:Undetermined
Izdano: Chicago, IL American Library Association 1997
Teme:
Oznake: Označite
Brez oznak, prvi označite!
Thư viện lưu trữ: Trung tâm Học liệu Trường Đại học Cần Thơ
LEADER 00740nam a2200217Ia 4500
001 CTU_127020
008 210402s9999 xx 000 0 und d
082 |a 025 
082 |b J66 
100 |a Johnson, Peggy 
245 0 |a New directions in technical services: 
245 0 |b trends and sources 
245 0 |c Peggy Johnson 
260 |a Chicago, IL 
260 |b American Library Association 
260 |c 1997 
520 |a A systematic and indexed update of key trends and developments in technical services. 
650 |a Library science,Technical services (Libraries),Technical services (Libraries),Library administration 
650 |z Management 
904 |i Nguyên 
980 |a Trung tâm Học liệu Trường Đại học Cần Thơ